000 00454nam a22001937a 4500
003 MPLRDC
005 20220104143708.0
008 210129b ||||| |||| 00| 0 eng d
020 _a9971-0-0757-6
082 _a868.8 JYL
100 _a君盈绿
245 _a蛤蟆恰恰
_c
250 _a初版
260 _a
_b莱佛士书社
_c1997
300 _b
490 _a新加坡作家系列
650 _a新加坡文学
942 _cBK
_o868.8 JYL
999 _c42432
_d42422